Регионална библиотека "Любен Каравелов" - Русе

Скъпи Пиер Паоло (Запис номер 498850)

MARC детайли
000 -Лидер
Контролно поле с фиксирана дължина 01211nam a2200301 c 4500
003 - Код на организацията, давaща контролен номер
Контролно поле BLK
005 - Дата и час на последна редакция
Контролно поле 20240227142656.0
008 - Елементи от данни с фиксирана дължина
fixed length control field 180412b bul|||||r ||||||| ||bul||
020 ## - Международен стандартен номер на книга ISBN
Международен стандартен номер на книга ISBN 9786190213376
040 ## - Източник на каталожния запис
Идентификатор на билиотеката - собственик на записа BLK
041 ## - Код за език
Код за езика на текст/звукозапис или на отделно заглавие Български
Код за езика КДБФ Български
080 ## - УДК
Текстов определител УДК Италианска литература
УДК код - определител по УДК 821.131.1
УДК определител -94
УДК - код + определител 821.131.1-94
100 1# - Редна дума - Автор
Автор Мараини, Дача
Авторска отговорност първи автор
R(LIN) 92508
139 ## - Редно поле
Редна дума Мараини, Дача
Авторски знак Мар - М 29
245 10 - Сведения за заглавието
Заглавие Скъпи Пиер Паоло
Подзаглавни данни Роман
Редно поле (дума) Дача Мараини; прев. от итал. Вера Петрова
257 ## - Страна на издаване
Страна на създаване/издаване Италия
260 ## - Област на издателските данни
Име на издателя, разпространителя и проч. Колибри
Година на издаване 2023
9 (RLIN) 209486
Място на издаване, разпространение и проч. София
Издателство - префикс ISBN 978-619-02- ; 978-619-150- ; 978-954-150- ; 978-954-529-
300 ## - Физическа характеристика
Страници 181 с.
Размери/Мащаб 20 см
380 ## - Жанр
Жанр Худож. лит.
500 ## - Общи забележки
Забележка Ориг. загл.: Caro Pier Paolo / Dacia Maraini<br/>Биогр. данни за авт. отбелязани на гърба на кор.
700 1# - Други автори (авторска отговорност)
Лично име Петрова, Вера Върбанова
Автороска отговорност (Описва отношението между автора и произведението) прев. от итал.
9 (RLIN) 109971
856 4# - Електронен адрес и достъп
Електронен формат pdf - файл
Път до файла /url/
856 4# - Електронен адрес и достъп
Електронен формат pdf - файл
Път до файла /url/
942 ## - АРТИКУЛИ
Вид на библиотечния материал Книги
Скрит в OPAC Не
Koha issues (borrowed), all copies 4
944 ## - СЪЗДАВАНЕ И РЕДАКЦИЯ на ЗАПИСА
Дата на регистрацията/редакция Нора Радева
Служител, извършил регистрацията/редакцията 30564
Статус, дата на статуса Галина Якимова
999 ## - СИСТЕМНИ КОНТРОЛНИ НОМЕРА
Koha biblionumber 498850
Koha biblioitemnumber 498850
999 ## - СИСТЕМНИ КОНТРОЛНИ НОМЕРА
Koha biblioitemnumber 498850
999 ## - СИСТЕМНИ КОНТРОЛНИ НОМЕРА
Koha biblioitemnumber 14047
Наличности
Код за отписване Код за изгубен артикул Източник на класификационната схема Код за повреда Код за отдаване Артикулен № Име на библиотеката - собственик Име на библиотеката, в която се намира в момента Статус (Текущо местоположение) Дата на вписване в системата Местоположение - отдел Цена в лева Инвентарен номер Систематично азбучна сигнатура Баркод Цена в евро Служебен тип на артикула Коз за рестрикции
  Не е изгубен Universal Decimal Classification Не е повреден заемане за дома 937165 Регионална библиотека "Любен Каравелов" Русе Регионална библиотека "Любен Каравелов" Русе Заемна - подръчен фонд 2023-12-14 Заемна - подръчен фонд 14.98 120000896202 821-9/М 29 Д 120000896202 7.66 Книги  
  Не е изгубен Universal Decimal Classification Не е повреден ползва се в читалня 939513 Регионална библиотека "Любен Каравелов" Русе Регионална библиотека "Любен Каравелов" Русе Хранилище 2024-01-19 Хранилище 23.00 120000898544 Цб 321540 120000898544 11.76 Книги само за читалня
Vip Innovations Ltd, Rousse, Bulgaria 2025